History Quiz

Random History or Politics Quiz

US Presidential Runners-Up by Picture Quiz Stats

 Plays Quiz Updated Oct 7, 2016

Score 0/19 Timer 05:00
1 Play Today
% Correct
John McCain, 2008; 45.7% of the vote
97.3%
Al Gore, 2000; 48.4% of the vote
96.8%
Richard Nixon,1960; 49.6% of the vote
96.6%
Hillary Clinton, 2016; 47.7% of the vote
96%
Jimmy Carter, 1980; 41.0% of the vote
95%
George H. W. Bush, 1992; 37.5% of the vote
94.1%
John Kerry, 2004; 48.3% of the vote
89.7%
Mitt Romney, 2012; 47.2% of the vote
87.1%
Gerald Ford, 1976; 48.0% of the vote
86.5%
Bob Dole, 1996; 40.7% of the vote
77.5%
% Correct
Michael Dukakis, 1988; 45.7% of the vote
74.8%
Walter Mondale, 1984; 40.6% of the vote
61.5%
Barry Goldwater, 1964; 38.5% of the vote
56.2%
Thomas E. Dewey, 1944; 45.9% of the vote and 1948; 45.1% of the vote
54.7%
Hubert Humphrey, 1968; 42.7% of the vote
50.8%
George McGovern, 1972; 37.5% of the vote
44.8%
Adlai Stevenson, 1952; 44.3%of the vote and 1956, 42.0% of the vote
34.8%
Alf Landon, 1936; 36.5% of the vote
19.5%
Wendell Willkie, 1940; 44.8% of the vote
15.4%

You're not logged in!

Compare scores with friends on all Sporcle quizzes.
OR
Log In

Show Comments

Extras

Top Quizzes Today


Score Distribution

Your Account Isn't Verified!

In order to create a playlist on Sporcle, you need to verify the email address you used during registration. Go to your Sporcle Settings to finish the process.

Report this User

Report this user for behavior that violates our Community Guidelines.

Details: